Utilization of palm oil sludge as a concentrate feed for ruminants /
Saved in:
| Main Author: | |
|---|---|
| Format: | Thesis Book |
| Language: | English |
| Published: |
1983
|
| Subjects: | |
| Tags: |
Add Tag
No Tags, Be the first to tag this record!
|
| LEADER | 01387cam a2200325 a 4500 | ||
|---|---|---|---|
| 001 | u34710 | ||
| 003 | SIRSI | ||
| 008 | 841015s1983 my bt 00 1 eng m | ||
| 015 | |a X840009558 | ||
| 035 | |a AAD-7389 | ||
| 040 | |a UMM | ||
| 090 | 0 | 0 | |a SF99 |b P3Lim |
| 091 | 0 | 0 | |a Microfiche 8991 |
| 100 | 1 | 0 | |a Lim, Chia Fook |
| 245 | 1 | 0 | |a Utilization of palm oil sludge as a concentrate feed for ruminants / |c by Lim Chia Fook |
| 260 | |c 1983 | ||
| 300 | |a xi, 134 leaves : |b ill. ; |c 28cm | ||
| 500 | |a Photocopy | ||
| 500 | |a Also available on microfiche. Kuala Lumpur : Perpustakaan Universiti Malaya, 1984. 3 microfiches : negative ; 11x15cm | ||
| 502 | |a Dissertation (M.Phil.) -- Institut Pengajian Tinggi, Universiti Malaya, 1983. | ||
| 504 | 0 | 0 | |a Bibliography: leaves 99-114 |
| 650 | 0 | |a Goats |x Feeding and feeds | |
| 650 | 0 | |a Palm oil industry |x By-products | |
| 650 | 0 | |a Agricultural wastes as feed. | |
| 948 | |a 16/03/1991 |b 24/09/2003 | ||
| 596 | |a 1 | ||
| 999 | |a SF99 P3LIM |w LC |c 1 |i A500001036 |l B_KOM4 |m P01UTAMA |r Y |s Y |t TESIS |u 16/3/1992 |o .PUBLIC. BKOM 4 :43022 | ||
| 999 | |a SF99 P3LIM |w LC |c 2 |i A500001198 |l STACKS |m P01UTAMA |r Y |s Y |t TESIS |u 16/3/1992 | ||
| 999 | |a SF99 P3LIM |w LC |c 3 |i A500004953 |l B_KOM4 |m P01UTAMA |r Y |s Y |t TESIS |u 16/3/1992 |o .PUBLIC. BKOM 4 :43024 | ||
| 999 | |a SF99 P3LIM |w LC |c 4 |i A002661801 |d 25/8/2011 |e 25/8/2011 |l B_KOM4 |m P01UTAMA |n 1 |r Y |s Y |t TESIS |u 23/4/1992 |o .PUBLIC. BKOM 4 :43023 | ||
